000 00477cam a2200157 4500500
005 20260405003110.0
041 _afre
042 _adc
100 1 0 _aRontard, Yseult
_eauthor
245 0 0 _aLa Part maudite
260 _c2020.
500 _a72
690 _aGeorges Bataille
786 0 _nPhilosophie magazine | 141 | 8 | 2020-08-01 | p. 61-61 | 1951-1787
856 4 1 _uhttps://shs.cairn.info/magazine-philosophie-magazine-2020-8-page-61?lang=fr&redirect-ssocas=7080
999 _c2064369
_d2064369